000 01192nam a2200289Ia 4500
003 OSt
005 20221005110725.0
006 a|||||r|||| 00| 0
007 ta
008 221004b |||||||| |||| 00| 0 hin d
020 _a8126705469 (hbk)
_cINR 295.00
024 _a41314
037 _b281, 15/02/2019, Eastern Book Linkers
_cTextual
040 _aCRL
_cCRL
_bhin
041 _2hin
_ahin
082 _aO152,6N41x, M4;Q3
100 _aवाजपेयी, अशोक, ले.
245 0 _aकुछ पूर्वग्रह
_b अशोक वाजपेयी की दूसरी आलोचना - पुस्तक
246 _aKuchh pūrvagraha: ashok vājapeyī kī dūsarī ālochanā - pustaka
250 _aसंस्करण 2
260 _aनई दिल्ली
_bराजकमल प्रकाशन भारत
_c2003
300 _a207पृ0
_ccm.
650 _a हिन्दी साहित्य
650 _aहिन्दी निबंध
942 _hO152,6N41x, M4;Q3
_cTEXL
_2cc
999 _c1019686
_d1019686